000 00600nam a2200205 a 4500
005 20221209063613.0
008 991125s1987 ag 000 0 spa u
020 _a9505822104
035 _aUPN01000010500
049 _aCG
050 4 _aP91
_bK3.4 1984
100 1 _aKaplún, Mario,
_d1923-1998
_928813
245 1 3 _aEl comunicador popular /
_cMario Kaplún ; il. Maricarmen García.
260 _aBuenos Aires :
_bHvmanitas,
_c1987.
300 _a263 p. :
_bil.
440 0 _aGuidance
650 4 _aMedios masivos de comunicación
_99547
650 2 _aParticipación social
_927
905 _aLibro
999 _c10500
_d10500